KOHA-Header-6

Corporate Pakistan: Insights to Leadership & Governance (Record no. 13995)

000 -LEADER
fixed length control field 00306nam a22001217a 4500
020 ## - INTERNATIONAL STANDARD BOOK NUMBER
ISBN 978-969-210-289-6
082 ## - DEWEY DECIMAL CLASSIFICATION NUMBER
Classification number 338
100 ## - MAIN ENTRY--AUTHOR NAME
Personal name Aziz, Sirajuddin
245 ## - TITLE STATEMENT
Title Corporate Pakistan: Insights to Leadership & Governance
260 ## - PUBLICATION, DISTRIBUTION, ETC. (IMPRINT)
Place of publication Karachi
Name of publisher Paramount Books
Year of publication 2021
300 ## - PHYSICAL DESCRIPTION
Number of Pages 438 pages
942 ## - ADDED ENTRY ELEMENTS (KOHA)
Koha item type Books
Holdings
Withdrawn status Lost status Collection code Permanent Location Current Location Shelving location Date acquired Full call number Accession Number Koha item type
    Pakistan Studies / History MAJU MAJU Shelf No.A30 2025-04-29 338 11086 Books

Powered by Koha